Music Quiz

Random Music or Song Quiz

Top Hit Artists of the '90s Quiz Stats

 Plays Quiz Updated Oct 5, 2014

Challenge
Share
Tweet
Embed
Score 0/45 Timer 10:00
4 Plays Today
Type Artist % Correct
MaleElton John
88.9%
MaleMichael Jackson
88%
FemaleWhitney Houston
84%
FemaleJanet Jackson
81.9%
Group/DuoTLC
80.3%
Group/DuoAerosmith
78.9%
MaleBryan Adams
73.3%
Group/DuoBackstreet Boys
64.2%
FemaleToni Braxton
59.6%
FemaleMariah Carey
59%
FemaleCeline Dion
58.3%
Group/DuoAce of Base
57.6%
Group/DuoBoyz II Men
57%
FemaleShania Twain
56.3%
FemaleMadonna
52.9%
Group/DuoU2
47.5%
MaleMichael Bolton
43.8%
Group/DuoHootie and the Blowfish
42.8%
MalePrince
39.2%
Group/DuoPearl Jam
36.1%
FemalePaula Abdul
35.9%
MaleNotorious B.I.G.
35.1%
Group/DuoRoxette
33.1%
Type Artist % Correct
FemaleVanessa Williams
32%
MaleGeorge Michael
31.6%
Group/DuoBone Thugs-N-Harmony
30%
MaleRod Stewart
28.8%
Group/DuoBon Jovi
26.6%
MaleBrian McKnight
23.8%
FemaleAlanis Morissette
23%
Male2Pac
21.4%
FemaleBrandy
19.7%
MalePuff Daddy
18.7%
MaleR. Kelly
16.6%
Group/DuoColor Me Badd
15.9%
Group/DuoEn Vogue
15.4%
FemaleGloria Estefan
15.3%
FemaleMonica
14.8%
Group/DuoSWV (Sisters With Voices)
13%
MaleLL Cool J
11.7%
FemaleMary J. Blige
11.6%
MaleBabyface
10.7%
MaleKeith Sweat
9.4%
Group/DuoJodeci
5.6%
FemaleFaith Evans
4.5%

You're not logged in!

Compare scores with friends on all Sporcle quizzes.
Join for Free
OR
Log In

You Might Also Like...

Show Comments

Extras

Top Quizzes Today


Score Distribution

Your Account Isn't Verified!

In order to create a playlist on Sporcle, you need to verify the email address you used during registration. Go to your Sporcle Settings to finish the process.

Report this User

Report this user for behavior that violates our Community Guidelines.

Details: